| 000 | 02260nam a22003617a 4500 | ||
|---|---|---|---|
| 003 | OSt | ||
| 005 | 20240811215422.0 | ||
| 008 | 240414b |||||||| |||| 00| 0 eng d | ||
| 020 | _a978-958-762-633-9 | ||
| 040 |
_aBiblioteca de Lingüística _cBiblioteca de Lingüística _eRDA _bspa |
||
| 041 |
_aspa _hspa |
||
| 082 |
_221 _a370.7 |
||
| 092 |
_a370.7 _SL9257m |
||
| 100 |
_cLópez Noguero, Fernando _eAutor _92178 |
||
| 245 |
_aMetodología participativa en la enseñanza universitaria / _cFernando López Noguero |
||
| 250 | _aPrimera edición | ||
| 260 |
_aBogotá, España: _bEdiciones de la U, _c2017 |
||
| 300 |
_a176 páginas ; _bTapa blanda, tabla, figura, cuadros ; _c17 x 24 centímetros ; _fImpreso _gRustico |
||
| 336 |
_2rdacontent _aTexto _btxt |
||
| 337 |
_2rdanomedia _ano mediado _bn |
||
| 338 |
_2rdacarrie _avolumen _bnc |
||
| 505 | _a1 Nuevos retos de la enseñanza universitaria: La Universidad hoy. -- 2 Profesor/alumno, sujeto/objeto de educación: Dialéctica modelo tradicional/modelo participativo en el ámbito universitario. -- 3 El grupo de la docencia universitaria: Utilización de la dinámica de grupos en el ámbito educativo. -- 4 Comunicación y motivación en los procesos educativos de la enseñanza superior. -- 5 Metodología participativa en educación: Concepto, definición y características. -- 6 Técnicas participativas: Concepto, definición y tipos. -- 7 Cómo desarrollar clases participativas: claves para el éxito. -- 8 Anexo: Veinte técnicas participativas. -- 6 Referencias Bibliográficas | ||
| 520 | c | _aEste libro examina la metodología participativa, destacada por su enfoque interactivo y adaptado a las directrices del Espacio Europeo de Educación Superior, para mejorar la enseñanza universitaria mediante la comunicación entre profesor y alumnos. | |
| 521 | _aEste libro está dirigido a docentes universitarios, profesionales de la educación superior, y estudiantes interesados en métodos de enseñanza participativa. | ||
| 650 |
_aPEDAGOGÍA Y DIDÁCTICA _9281 |
||
| 653 | _aEducación superior | ||
| 653 | _aMétodos interactivos | ||
| 653 | _aTrabajo en equipo | ||
| 653 | _aIncentivo | ||
| 653 | _aDesarrollo de aprendizaje | ||
| 700 | _93999 | ||
| 942 |
_2ddc _cBK _n0 _e21 |
||
| 999 |
_c3361 _d3361 |
||